00971nam a2200217 a 4500008004100000020001800041050001600059100002100075245013600096260004800232300001700280490003800297650002800335650003500363650002300398650006300421700001900484995010100503999001700604952013200621200819s2018 ||||||||||||||||| || u a9781108439299 aHV 6570 Pal aFeldman, Valerie10aComprehending the incomprehensible : organization theory and child sexual abuse in organizationscBy Donald Palmer; Valerie Feldman aCambridgebCambridge University Pressc2018 aiv, 84 pages aElements in organizational theory 0aORGANIZATIONAL BEHAVIOR aCHILD SEXUAL ABUSE--PREVENTION aCHILD SEXUAL ABUSE aASSOCIATIONS, INSTITUTIONS, ETC--MORAL AND ETHICAL ASPECTS aPalmer, Donald D15.38FCBU-MAIN LIBRARY (Kitwe)M1UAVAILABLEWAug 24, 2020ZMain Library Open Access Collection c38178d38178 00102lcc4070a001b001cMain Library Open Access Collectiond2022-11-30l0oHV 6570 Palp750229r2022-11-30w2022-11-30y002